Can You Name All The Characteristics Of 8-Bit From Brawl Stars? - Statistics

General Stats
  • This quiz has been taken 2 times
  • The average score is 6 of 15
Answer Stats
Hint Answer % Correct
Rarity Super Rare
100%
Trio Arcade
50%
Star Power Boosted Booster
50%
Super Damage Booster
50%
Class Damage Dealer
50%
Gadgets Extra Credits
50%
Prestige Title Game Over
50%
Buffies No
50%
Trait No
50%
Star Power Plugged In
50%
Title SYS 64738
50%
Hypercharge Aimbot
0%
Attack Blaster Beams
0%
Gadgets Cheat Cartridge
0%
Voice Actor Martin Schjoler
0%
No matching quizzes found
Score Distribution
Percent of People with Each Score
Percentile by Number Answered
Your Score History
You have not taken this quiz